| 000 | 00738cam a22002291a 4500 | ||
|---|---|---|---|
| 001 | ne 67001952 | ||
| 003 | DLC | ||
| 005 | 20260227111835.0 | ||
| 008 | 830528s1956 ir 000 0 fre | ||
| 010 | _ane 67001952 | ||
| 035 | _a(OCoLC)9558571 | ||
| 040 |
_aDLC _cIU _dDLC |
||
| 042 | _apremarc | ||
| 050 | 0 | 0 |
_aQA689 _b.H32 |
| 100 | 1 |
_aHashtrūdī, Muḥsin, _d1908-1976. |
|
| 245 | 1 | 0 |
_aSur les espaces de Riemann, de Weyl et de Schouten / _cpar Mohsen Hachtroudi. |
| 260 |
_a[Téhéran : _bImpr. de l'Université de Téhéran, _c1956. |
||
| 300 |
_aiv, 127 p. ; _c25 cm. |
||
| 490 | 1 |
_aPublication / Université de Téhéran ; _vno. 297 |
|
| 650 | 0 | _aGeometry, Riemannian. | |
| 830 | 0 |
_aIntishārāt (Dānishgāh-i Tihrān) ; _v297 |
|
| 999 |
_c49868 _d49868 |
||